| 000 | 01144nam a2200181 a 4500 | ||
|---|---|---|---|
| 008 | 080109s1969 ||||||||||||||||| || u | ||
| 050 | _aQ 161 Fou | ||
| 245 | 1 | 0 | _aFoundations of space science |
| 246 | _aWilliam J Krynowsky [and others] | ||
| 260 |
_a[Toronto] _bHolt, Rinehart and Winston _c1969 |
||
| 300 | _a[11], 468p. : ill. | ||
| 350 | _a0.00 | ||
| 995 |
_aANNEX COLLECTION (Main Library) _D0.00 _e718548 _FCBU-MAIN LIBRARY (Kitwe) _H5 _I25.00 _jQ 161 Fou _M5 _UAVAILABLE _y011351 _ZAnnex Low-Usage Collection |
||
| 995 |
_aANNEX COLLECTION (Main Library) _D0.00 _e718125 _FCBU-MAIN LIBRARY (Kitwe) _H3 _I25.00 _jQ 161 Fou _M4 _UAVAILABLE _y011258 _ZAnnex Low-Usage Collection |
||
| 995 |
_aANNEX COLLECTION (Main Library) _D0.00 _e718550 _FCBU-MAIN LIBRARY (Kitwe) _H2 _I25.00 _jQ 161 Fou _M2 _UAVAILABLE _y011256 _ZAnnex Low-Usage Collection |
||
| 995 |
_aANNEX COLLECTION (Main Library) _D0.00 _e718549 _FCBU-MAIN LIBRARY (Kitwe) _H1 _I25.00 _jQ 161 Fou _M3 _UAVAILABLE _y011257 _ZAnnex Low-Usage Collection |
||
| 995 |
_aANNEX COLLECTION (Main Library) _D0.00 _e718551 _FCBU-MAIN LIBRARY (Kitwe) _H4 _I25.00 _jQ 161 Fou _M1 _UAVAILABLE _y011255 _ZAnnex Low-Usage Collection |
||
| 999 |
_c63271 _d63271 |
||